| 000 | 00516nam a2200169 i 4500 | ||
|---|---|---|---|
| 001 | 149864 | ||
| 003 | ES-MaACL | ||
| 005 | 20230906203305.0 | ||
| 007 | t| | ||
| 008 | 071024s1939 sp ||||1| spa d | ||
| 100 | 1 |
_aValls i Taberner, Ferran. _9112942 |
|
| 245 | 1 | 0 |
_aReafirmación espiritual de España / _cFernando Valls Taberner. |
| 260 |
_aMadrid : _bJuventud, _c1939. |
||
| 300 |
_a201 p. ; _c19 cm. |
||
| 651 | 4 |
_aEspaña- _xHistoria- _y1936-1939, Guerra civil. _98292 |
|
| 852 |
_aES-MaACL _jF-15415 _bR.19503 |
||
| 999 |
_c149864 _d149864 |
||